Responses for Show #8655 - Friday, June 3, 2022

Ryan Long game 16.

Contestants

[<< previous game]

Wyatt Yankus, a policy analyst from Washington, D.C.

Lucia Yang, a medical and doctoral student originally from San Diego, California

Ryan Long, a rideshare driver from Philadelphia, Pennsylvania (whose 15-day cash winnings total $279,400)

[next game >>]

Jeopardy! Round responses

IN THE WORLD CAPITAL
RENAISSANCE ART & ARTISTS
PHIL & THE BLANK
DON'T GET CONFUSED
APPLES
ORANGES
    $200 6
Chile

Wyatt
    $200 11
Florence

Wyatt
    $200 20
Jackson

Ryan
    $200 5
stationery

Triple Stumper
    $200 27
Granny Smiths

Ryan
    $200 22
the Orange Bowl

Ryan
    $1,000 7
Vienna

Wyatt
    $400 12
John the Baptist

Ryan
    $400 16
Collins

Ryan
    $400 1
drubbing

Ryan
    $400 26
a Happy Meal

Wyatt
    $400 21
the Netherlands

Wyatt
    $600 8
(Ryan: What is Delhi? [*]? What is [*]?)

New Delhi

Ryan
    $600 13
woodcuts

Triple Stumper
    $600 14
Everly

Ryan
    $600 2
odious

Ryan
    $600 28
Waldorf

Lucia
    $600 23
a Ram

Ryan
    $800 9
Oslo

Wyatt
    $800 18
(Wyatt: Who is Donatello?)

Tintoretto

Wyatt
Triple Stumper
    $800 15
McGraw

Ryan
    $800 3
hoard (horde)

Triple Stumper
    $800 29
a Fuji

Ryan
    $800 24
the Arc de Triomphe

Ryan
    $1000 10
(Ryan: What is Syria?)

Amman

Ryan
Triple Stumper
    $1000 19
Titian

Triple Stumper
    $1000 17
Phil Knight

Wyatt
    $1000 4
enervate

Wyatt
    $1000 30
tarte Tatin

Triple Stumper
    $1000 25
(Ryan: Uh, what is a... smoke lodge?)

a powwow

Ryan
Triple Stumper

Scores at the first commercial break (after clue 15):

Ryan Lucia Wyatt
$2,400 $0 $3,200

Scores at the end of the Jeopardy! Round:

Ryan Lucia Wyatt
$4,600 $600 $4,200

Double Jeopardy! Round responses

THIS WILL GO DOWN IN HISTORY
A BIT OF LIT
"M" PATHS
CALLING FOR A MEASUREMENT
SUPER-DUPER SUPERS
WORDS WITH FIENDS
    $400 13
the Hindenburg

Ryan
    $400 1
Haiti

Wyatt
    $400 29
the Mediterranean Route

Ryan
    $400 30
an acre

Ryan
    $400 8
the Human Torch

Ryan
    $400 12
(Lucia: Sorry.)

rogue

LuciaWyatt
    $800 16
Columbus

Ryan
    $800 2
Joseph Conrad

Triple Stumper
    $800 5
museums

Triple Stumper
    $800 20
visibility

Ryan
    $800 7
(Mayim: Heroes in a half-shell.)
[Laughter]

the Teenage Mutant Ninja Turtles

Lucia
    $800 14
a scoundrel

Ryan
    $1200 18
Jericho

Ryan
    $1200 3
Agincourt

Ryan
    $3,000 4
the Mason-Dixon

Ryan
    $1200 21
a mole

Triple Stumper
    $1200 9
the Suicide Squad

Lucia
    $1200 15
a troll

Wyatt
    $1600 23
Denmark

Wyatt
    $1600 25
F. Scott Fitzgerald

Ryan
    $1600 6
(Wyatt: What is Mason?)

Market Street

Wyatt
Triple Stumper
    $1600 27
avoirdupois

Triple Stumper
    $1600 10
the Umbrella Academy

Ryan
    $1600 17
a rascal

Wyatt
    $3,000 24
(Wyatt: What is Halley's Comet?)

Skylab

Wyatt
    $2000 26
(Kazuo) Ishiguro

Ryan
    $2000 22
(Wyatt: Uh, what is the [*] Trail?)
(Mayim: Yes, for [*].)

(John) Muir

Wyatt
    $2000 28
a joule

Wyatt
    $2000 11
Yeun

Lucia
    $2000 19
a ne'er-do-well

Triple Stumper

Scores at the end of the Double Jeopardy! Round:

Ryan Lucia Wyatt
$19,200 $4,200 $8,800
(lock game)

[wagering suggestions for these scores]

Final Jeopardy! Round responses

TECHNOLOGY
(Mayim: [To Wyatt] From May 31, 1844.)
LuciaWhat is the steamboat?
$0
WyattWhat is the telegraph?
$4,800
RyanWhat is the telegraph?
$800
the telegraph

Final scores:

Ryan Lucia Wyatt
$20,000 $4,200 $13,600
16-day champion: $299,400 3rd place: $1,000 2nd place: $2,000

Game dynamics:

Coryat scores:

Ryan Lucia Wyatt
$17,400 $4,200 $11,200
26 R
(including 1 DD),
2 W
4 R,
1 W
15 R
(including 1 DD),
3 W
(including 1 DD)

Combined Coryat: $32,800

[game clues] [game scores] [suggest correction]

Game tape date: 2022-04-01
The J! Archive is created by fans, for fans. Scraping, republication, monetization, and malicious use prohibited; this site may use cookies and collect identifying information. See terms. The Jeopardy! game show and all elements thereof, including but not limited to copyright and trademark thereto, are the property of Jeopardy Productions, Inc. and are protected under law. This website is not affiliated with, sponsored by, or operated by Jeopardy Productions, Inc. Join the discussion at JBoard.tv.